000 00701nam a2200253Ia 4500
003 OSt
005 20220918202118.0
006 a|||||r|||| 00| 0
007 ta
008 220917b |||||||| |||| 00| 0 eng d
024 _a98,892
037 _cTextual
040 _aARTS
_cARTS
_beng
041 _2eng
_aeng
082 _aV2:51.N5, N4
100 _aKiani Mohamad Zaman
_9102318
245 0 _aMemories
_b India's freedom struggle & the great INA
260 _aNew Delhi
_bReliance Publishing
_c1994
300 _axxi, 247p.
_ccm.
500 _aAppendix p223--241
650 _aHISTORY
942 _hV2:51.N5, N4
_cTEXL
_2CC
999 _c222471
_d222471